[Event "Mittelfrankenliga-B1 0506"]
[Site "Germany"]
[Date "2005.10.16"]
[Round "1.8"]
[White "Russau, Andreas"]
[Black "Goetz, Dieter"]
[Result "0-1"]
[WhiteElo "1528"]
[BlackElo "1872"]
[PlyCount "98"]
[EventDate "2005.10.16"]
[EventType "team"]
[EventRounds "9"]
[EventCountry "GER"]
[SourceTitle "EXT 2007"]
[Source "ChessBase"]
[SourceDate "2006.11.23"]
[SourceVersion "1"]
[SourceVersionDate "2006.11.23"]
[SourceQuality "1"]

1. e4 d6 2. d4 Nf6 3. Nc3 c6 4. f4 Qa5 5. Bd3 e5 6. dxe5 dxe5 7. f5 b5 8. Bd2 Qb6 9. Qe2 Nbd7 10. Be3 Bc5 11. Bxc5 Qxc5 12. Nd1 a6 13. a3 Bb7 14. Nf3 Rc8 15. b4 Qb6 16. Qe3 Qxe3+ 17. Nxe3 c5 18. bxc5 Rxc5 19. Nd2 0-0 20. 0-0 Rc3 21. Nd1 Rc7 22. Nf2 Nc5 23. Nf3 Re8 24. Rfe1 Na4 25. g4 h6 26. h4 Nc3 27. g5 hxg5 28. hxg5 Nh5 29. Ng4 f6 30. g6 Nf4 31. Kf2 Rec8 32. Re3 Na4 33. Rd1 Rd7 34. Ne1 Nb2 35. Rc1 Rcc7 36. Rb1 Nbxd3+ 37. cxd3 Rc3 38. a4 Bc6 39. Rd1 b4 40. Kf3 Bxa4 41. Rd2 Rd4 42. Nf2 b3 43. Rb2 Rc1 44. Kg4 Kf8 45. Nh3 Nxh3 46. Kxh3 Rc3 47. Ree2 Bb5 48. Kg4 Bxd3 49. Rh2 Rxe4+ 0-1